• 首页
  • 本馆介绍
  • 公告通知
  • 最新文献
  • 馆藏检索
  • 电子资源
  • 读者导购
  • 参考咨询
  • 我的图书馆
  • 登录
  • 详细信息显示
  • 放入我的书架
  • 预约/预借图书
  • 作者相关作品
  • 分类相关作品
  • 丛书相关作品
  • 出版社相关作品

书目信息

  • 表格格式
  • 工作单格式
  • 卡片格式
题名:
商务数学
    
 
作者: 杨敏华 主编
分册:  
出版信息: 大连   东北财经大学出版社  2002
页数: 197页
开本: 23cm
丛书名:
单 册:
中图分类: F22
科图分类:
主题词: 经济数学--高等教育--教材 , 经济数学
电子资源:
ISBN: 7-81084-129-7
000 00807nam0 2200241 450
001 1141530115
005 20111004113412.95
010    @a7-81084-129-7@dCNY18.00
100    @a20021218d2002 em y0chiy0110 ea
101 0  @achi
102    @aCN@b210000
105    @ay z 000yy
200 1  @a商务数学@Ashang wu shu xue@f杨敏华主编
210    @a大连@c东北财经大学出版社@d2002
215    @a197页@d23cm
300    @a高职高专专业基础课教材新系 教育部商业职业教育教学研究会 全国商业高等职业教育研究会规划教材 21世纪新概念教材
330    @a本书介绍了利息和年金、函数、极限与连续、导数与微分、导数的应用、不定积分、定积分等内容。
606 0  @a经济数学@x高等教育@j教材
606 0  @a经济数学
690    @aF22@v4
701  0 @a杨敏华@Ayang min hua@4主编
801  0 @aCN@bNLC@c20101222
905    @a10447@dF22@eJY23
    
    商务数学/杨敏华主编.-大连:东北财经大学出版社,2002
    197页;23cm
    高职高专专业基础课教材新系 教育部商业职业教育教学研究会 全国商业高等职业教育研究会规划教材 21世纪新概念教材
    
    ISBN 7-81084-129-7:CNY18.00
    本书介绍了利息和年金、函数、极限与连续、导数与微分、导数的应用、不定积分、定积分等内容。
●
相关链接 在E读中查询图书 在五车中查询图书 在当当中查询图书 在豆瓣中查询图书


正题名:商务数学     索取号:F22/JY23         预约/预借

序号 登录号 条形码 馆藏地/架位号 状态 备注
1 7813496   278134966   学院路分馆/ [索取号:F22/JY23] 在馆    
2 7813497   278134975   学院路分馆/ [索取号:F22/JY23] 在馆    
3 7813498   278134984   学院路分馆/ [索取号:F22/JY23] 在馆    
4 7813499   278134993   学院路分馆/ [索取号:F22/JY23] 在馆    
唐山师范学院图书馆 欢迎您!
大连网信软件有限公司© 版权所有